00721nam a22002057a 4500999001900000005001700019010001300036020002800049035001300077037000900090082000800099100001700107245008300124250001200207260003900219270004400258300003200302942002200334952015900356 c180146d18014620210726163137.0 aB-740641 c745.00a9788193887561  aB-740641 bGift a596 aKotpal, R.L. aModern textbook of zoology vertebrates:banimal diversity-II /cby R.L. Kotpal a5th ed. aMeerutbRastogi Publicationsc2020 a'Gangotri' Shivaji RoadbMeerute250002 axx, 948p.:bill.c24cm(pbk) 2ddccENmKOTh596 001040708NFICaLbLd2021-07-26eGift/Eng/07-07-2021g745.00l7m5o596 KOTpB-740641r2023-08-11 00:00:00s2023-07-28t1v745.00w2021-07-26yENzGift